LIBRARY ONLINE CATALOGUE

Ecclesiastes : (Record no. 4934)

MARC details
000 -LEADER
fixed length control field 00634cam a22002052 4500
001 - CONTROL NUMBER
control field 0000000829
005 - DATE AND TIME OF LATEST TRANSACTION
control field 20151217151758.0
008 - FIXED-LENGTH DATA ELEMENTS--GENERAL INFORMATION
fixed length control field 070220s xx 000 0 eng d
020 ## - INTERNATIONAL STANDARD BOOK NUMBER
Terms of availability KES 890
040 ## - CATALOGING SOURCE
Original cataloging agency KABU
Transcribing agency KABU
050 #0 - LIBRARY OF CONGRESS CALL NUMBER
Classification number BS1475.3
Item number .E23 1983
100 1# - MAIN ENTRY--PERSONAL NAME
Personal name Eaton, Michael A.
-- 0000159874
245 10 - TITLE STATEMENT
Title Ecclesiastes :
Remainder of title an introduction and commentary /
Statement of responsibility, etc. Michael A. Eaton.
260 ## - PUBLICATION, DISTRIBUTION, ETC. (IMPRINT)
Place of publication, distribution, etc. Leicester :
Name of publisher, distributor, etc. Inter Varsity Press,
Date of publication, distribution, etc. 18823.
300 ## - PHYSICAL DESCRIPTION
Extent 159 p.
630 00 - SUBJECT ADDED ENTRY--UNIFORM TITLE
Uniform title Bible.
Name of part/section of a work O.T.
-- Ecclesiastes.
General subdivision Commentaries.
-- 0000159875
908 ## - PUT COMMAND PARAMETER (RLIN)
Put command parameter 070220
950 ## - LOCAL HOLDINGS (RLIN)
-- 1
Holdings
Withdrawn status Lost status Source of classification or shelving scheme Not for loan Home library Current library Date acquired Total Checkouts Full call number Barcode Date last seen Date last checked out Price effective from Koha item type
    Library of Congress Classification   Kabarak, Main Campus Kabarak, Main Campus 17/12/2015 2 BS1475.3 .E23 1983 000239 30/10/2025 15/10/2025 17/12/2015 General Collection